Algebra lineal interactiva
Saved in:
| Hovedforfatter: | |
|---|---|
| Format: | Bog |
| Sprog: | spansk |
| Udgivet: |
Caracas
McGraw Hill
1995
|
| Fag: | |
| Tags: |
Tilføj Tag
Ingen Tags, Vær først til at tagge denne postø!
|
MARC
| LEADER | 00000nam a2200000 a 4500 | ||
|---|---|---|---|
| 001 | UCT1257 | ||
| 003 | CL-VaPUC | ||
| 008 | 960927e19950000VE |||||||||||||||||spa|d | ||
| 082 | 0 | 4 | |a 512.5 |b DUB |2 21 |
| 100 | 0 | |a Du Boucheron, Luc Bramaud |e author |9 370038 | |
| 245 | 1 | 0 | |a Algebra lineal interactiva |
| 300 | |a 431 p | ||
| 942 | |c BK | ||
| 945 | |d 19960927 00:00:00 |a nastorga | ||
| 260 | |a Caracas |b McGraw Hill |c 1995 | ||
| 500 | |a Incluye Diskette con Software Interactivo | ||
| 650 | 0 | |a Álgebra lineal |9 260445 | |
| 650 | 0 | |a Matemática |9 260235 | |
| 650 | 0 | |a Ecuaciones |9 260137 | |
| 650 | 0 | |a Matrices |9 22 | |
| 650 | 0 | |a Vectores |9 317184 | |
| 650 | 0 | |a Geometría |9 264063 | |
| 650 | 7 | |a DETERMINANTES |2 CL-VaPUC |9 370039 | |
| 650 | 0 | |a Álgebra |x Matrices |9 369268 | |
| 650 | 7 | |a TENSORES |2 CL-VaPUC |9 351595 | |
| 583 | |a last modification |c 19960927 00:00:00 |k Rodrigo Vera | ||
| 999 | |c 251827 |d 251825 | ||